The fight to survive. (Record no. 114412)
[ view plain ]
| 000 -LEADER | |
|---|---|
| fixed length control field | 00420nam a2200169 a 4500 |
| 005 - DATE AND TIME OF LATEST TRANSACTION | |
| control field | 20140414132059.0 |
| 008 - FIXED-LENGTH DATA ELEMENTS--GENERAL INFORMATION | |
| fixed length control field | 100624s19uu xx 00 eng d |
| 020 ## - INTERNATIONAL STANDARD BOOK NUMBER | |
| International Standard Book Number | 0-439-33927-8 |
| 050 ## - LIBRARY OF CONGRESS CALL NUMBER | |
| Classification number | FIC |
| Item number | B54 2002 |
| 100 ## - MAIN ENTRY--PERSONAL NAME | |
| Personal name | Bisson, Terry |
| 245 ## - TITLE STATEMENT | |
| Title | The fight to survive. |
| 260 ## - PUBLICATION, DISTRIBUTION, ETC. (IMPRINT) | |
| Place of publication, distribution, etc | New York : |
| Name of publisher, distributor, etc | Scholastic Inc, |
| Date of publication, distribution, etc | 2002. |
| 300 ## - PHYSICAL DESCRIPTION | |
| Extent | 157 |
| 440 ## - SERIES STATEMENT/ADDED ENTRY--TITLE | |
| Title | Star Wars Boba Feti |
| Withdrawn status | Lost status | Damaged status | Home library | Current library | Shelving location | Date acquired | Total Checkouts | Full call number | Barcode | Date last seen | Price effective from | Koha item type |
|---|---|---|---|---|---|---|---|---|---|---|---|---|
| Munich Library | Munich Library | Fiction Section | 06/24/2010 | FIC B54 2002 | M6229 | 04/14/2014 | 04/14/2014 | Books | ||||
| Munich Library | Munich Library | Fiction Section | 09/02/2010 | FIC B54 2002 | M2140 | 04/14/2014 | 04/14/2014 | Books |